000 00278nam a22001217a 4500
008 230621b xxu||||| |||| 00| 0 eng d
020 _a0711706654
082 _a328.03
_bHOC
110 _bHouse of commons
245 _aThe House of Parliament
300 _a32p
942 _2ddc
_cBK
999 _c2009
_d2009